|
|
|
|
| LEADER |
01024pam a22003138a 4500 |
| 001 |
00033216 |
| 005 |
20171026081023.0 |
| 008 |
150511s2010 ||||||viesd |
| 020 |
|
|
|c 28000
|
| 041 |
0 |
# |
|a vie
|
| 082 |
1 |
4 |
|a 410
|b C101PH
|
| 100 |
1 |
# |
|a Nguyễn, Thiện Giáp
|
| 245 |
0 |
0 |
|a Các phương pháp nghiên cứu ngôn ngữ
|c Nguyễn Thiện Giáp
|
| 250 |
# |
# |
|a Tái bản lần thứ nhất
|
| 260 |
# |
# |
|a Hà Nội
|b Giáo dục
|c 2010
|
| 300 |
# |
# |
|a 215 tr.
|c 24 cm.
|
| 653 |
# |
# |
|a Miêu tả
|
| 653 |
# |
# |
|a Đối chiếu
|
| 653 |
# |
# |
|a So sánh
|
| 653 |
# |
# |
|a Phương pháp nghiên cứu
|
| 653 |
# |
# |
|a Ngôn ngữ
|
| 852 |
# |
# |
|j KM.0017959
|j KM.0017960
|j KM.0017961
|j KD.0016641
|j KM.0017958
|
| 852 |
# |
# |
|b Kho đọc
|j KD.0016641
|
| 852 |
# |
# |
|b Kho mượn
|j KM.0017958, KM.0017959, KM.0017960, KM.0017961
|
| 910 |
0 |
# |
|a kchi
|d 11/5/2015
|
| 980 |
# |
# |
|a Trung tâm Học liệu Lê Vũ Hùng, Trường Đại học Đồng Tháp
|